La conquista de la Felicidad

Gespeichert in:
Bibliographische Detailangaben
1. Verfasser: Russell, Bertrand (VerfasserIn)
Format: Buch
Sprache:Spanisch
Veröffentlicht: Madrid Espasa 1999
Ausgabe:16a. ed
Schriftenreihe:Colección Austral. Ciencias-Humanidades
Schlagworte:
Tags: Tag hinzufügen
Keine Tags, Fügen Sie den ersten Tag hinzu!

MARC

LEADER 00000nam a2200000 a 4500
001 UCH4384
003 CL-VaPUC
008 090818e19990000SP |||||||||||||||||spa|d
020 |a 8423919897 
082 0 4 |a 171.4  |b RUS  |2 21 
100 0 |a Russell, Bertrand  |e author  |9 323650 
245 1 3 |a La conquista de la Felicidad 
250 |a 16a. ed 
300 |a 226 p 
942 |c BK 
945 |d 20090818 00:00:00  |a ccalabra 
260 |a Madrid  |b Espasa  |c 1999 
650 0 |a Filosofía   |9 223554 
650 0 |a Ética  |9 255099 
650 0 |a Hedonismo  |9 329256 
650 7 |a BIOGRAFIA  |2 CL-VaPUC  |9 504622 
650 0 |a Educación  |9 258661 
651 0 |a Inglaterra  |9 255158 
583 |a last modification  |c 20090818 00:00:00  |k Rodrigo Vera 
490 0 |a Colección Austral. Ciencias-Humanidades 
999 |c 335708  |d 335706